Indian banking: managing transformation in globlization & information technology (Record no. 15377)

MARC details
000 -LEADER
fixed length control field 00325nam a2200109Ia 4500
082 ## - DEWEY DECIMAL CLASSIFICATION NUMBER
Classification number 332.170954 NAT-I
100 ## - MAIN ENTRY--AUTHOR NAME
Personal name D.A.V. College, Malout(Punjab)
245 #0 - TITLE STATEMENT
Title Indian banking: managing transformation in globlization & information technology
300 ## - PHYSICAL DESCRIPTION
Number of Pages v.p.
942 ## - ADDED ENTRY ELEMENTS (KOHA)
Koha item type Books
Holdings
Withdrawn status Lost status Damaged status Not for loan Home library Current library Date acquired Source of acquisition Bill Date Full call number Accession Number Price effective from Koha item type
        NASSDOC Library NASSDOC Library 26/07/2011 Gifted by : IC Division, ICSSR 2011-07-04 332.170954 NAT-I 47370 18/04/2019 Books